| 000 | 01036cam a22002651 4500 | ||
|---|---|---|---|
| 001 | es 23000279 | ||
| 003 | DLC | ||
| 005 | 20260227111236.0 | ||
| 008 | 810706s1922 fr a 000 0 fre c | ||
| 010 | _aes 23000279 | ||
| 035 | _a(OCoLC)7556800 | ||
| 040 |
_aU.S. Engineer School Libr. _cPCarlMH _dDLC |
||
| 042 | _apremarc | ||
| 050 | 0 | 0 |
_aHE3067 _b.L47 |
| 100 | 1 | _aLe Hénaff, Joseph Hippolyte Felix. | |
| 245 | 1 | 4 |
_aLes chemins de fer français et la guerre. _cPréface du général Gassouin. Ouvrage contenant 23 croquis, une carte hors texte et 4 planches hors texte. |
| 260 |
_aParis, _bChapelot, _c1922. |
||
| 300 |
_axiv p., 1l., 276 p. _billus., plates, charts (part fold.) _c25 cm. |
||
| 500 | _aAt head of title: Colonel Le Hénaff et capitaine Henri Bornecque. | ||
| 500 | _a"Sources consultées": 1 leaf following préface. | ||
| 650 | 0 |
_aWorld War, 1914-1918 _zFrance. |
|
| 650 | 0 |
_aWorld War, 1914-1918 _xTransportation. |
|
| 650 | 0 |
_aRailroads _zFrance. |
|
| 700 | 1 |
_aBornecque, Henri, _d1871-1935, _ejoint author. |
|
| 999 |
_c22330 _d22330 |
||